000
00331nam a22001457a 4500
008
181018b xxu||||| |||| 00| 0 eng d
020
_a
666410016958
041
_a
eng
080
_2
2 nd
_a
616-002.77
082
_a
616-002.77
100
_a
7
101
_a
REU
245
_a
Mayo clinic on arthritis
_c
Hunder.G
942
_2
udc
_c
BK
999
_c
50112
_d
50112